000 01118cam a2200337 i 4500
999 _c7983
_d7983
001 991003717209706706
003 OSt
005 20241125141059.0
008 210503e202104 spc 000 0 cat|c
015 _aLL2021
_2bnc
017 _aDL B 4110-2021
_bBiblioteca de Catalunya
020 _a9788497103190
035 _a(ES-BaCBU).b75302287
035 _a(OCoLC)1251784575
040 _aES-BaUB
_bcat
_erda
_cCDMR
043 _ae-sp---
_be-spc-- |2 catmarc
080 _a929Carol, Màrius
_22004
080 _a32
_x(460.23)
_x"20"
_22004
080 _a070
_x=134.1
_22004
100 1 _aCarol Pañella, Màrius
_9817
245 1 3 _aEl Camarot del capità :
_bel mirador privilegiat d'un director de diari en temps convulsos (2013-2020) /
_cMàrius Carol
264 1 _aBarcelona :
_bDestino,
_c2021
300 _a250 pàgines ;
_c23 cm
490 1 _aL'Àncora
651 7 _aCatalunya
_xPolítica i govern
_yS. XXI.
_2lemac
830 0 _aÀncora
907 _a.b75302287
_b21-06-21
_c03-05-21
_d03-05-21
_em
_fa
_g-
_hcat
_ispc
_j0
_k0
908 _aUB
_aURL
_aCLR
_aUAB
_aBAB
_aBMON
_aBC
940 _aDiba
942 _2udc
_cMON